Technologické aspekty výroby prietlačkov dopredným pretlačovaním = Technological aspects of minsprint's production by forward extrusion : Diplomová práca

Na minha lista:
Detalhes bibliográficos
Autor principal: Auxt, Štefan (Author)
Outros Autores: Bílik, Jozef, 1961- (xxx)
Formato: Manuscrito Livro
Idioma:eslovaco
Publicado em: Bratislava : STU v Bratislave MtF KTv, 2007
Assuntos:
Tags: Adicionar Tag
Sem tags, seja o primeiro a adicionar uma tag!

MARC

LEADER 00000ntm a22000003a 4500
001 stu143920
005 20160719155802.8
008 070807s2007----xo------------------slo-d
040 |a STU  |b slo 
041 0 |a slo 
044 |a xo 
100 1 |a Auxt, Štefan  |4 aut 
245 1 |a Technologické aspekty výroby prietlačkov dopredným pretlačovaním = Technological aspects of minsprint's production by forward extrusion :  |b Diplomová práca 
260 |a Bratislava :  |b STU v Bratislave MtF KTv,  |c 2007 
300 |a 77 s  |c príl., 1 CD-ROM 
500 |a Program: Tvárnenie 
650 7 |a dopredné pretlačovanie  |2 stusub 
700 1 |a Bílik, Jozef,  |d 1961-  |4 xxx  |u M3000  |U MTF Materiálovotechnologická fakulta  |T MTF Ústav výrobných technológií  |X 1547  |U M3000  |Y 83  |7 A000001547 
996 |b 284M076844  |c M*DP-6760  |l MMSKP  |s P  |a 0  |w stu143920_0001